[Event "ENG-ch Schools"]
[Site "Nottingham"]
[Date "2025.06.25"]
[Round "2.3"]
[White "Bevis, Noah"]
[Black "Agrawal, Ansh"]
[Result "1-0"]
[WhiteElo "2078"]
[BlackElo "1633"]
[PlyCount "77"]
[EventDate "2025.06.25"]
[EventType "team-swiss"]
[EventRounds "6"]
[EventCountry "ENG"]
[SourceTitle "CB27_2025"]
[SourceDate "2025.07.02"]
[SourceVersion "1"]
[SourceVersionDate "2025.07.02"]
[SourceQuality "1"]
[WhiteTeam "Magdalen College"]
[BlackTeam "King Edward"]
[WhiteTeamCountry "ENG"]
[BlackTeamCountry "ENG"]

1. d4 d5 2. Bf4 Nf6 3. e3 g6 4. Nf3 Bg7 5. h3 0-0 6. Be2 e6 7. 0-0 a6 8. Bh2 Nbd7 9. c3 c5 10. Nbd2 b6 11. a4 Bb7 12. Ne5 h6 13. a5 b5 14. Nxd7 Nxd7 15. Bd6 Re8 16. dxc5 Rc8 17. Nb3 Bf8 18. Bxf8 Kxf8 19. Bf3 Qf6 20. Qd4 e5 21. Qb4 Kg7 22. Rad1 e4 23. Bg4 Qe7 24. Bxd7 Qxd7 25. Nc1 Kh7 26. Qd4 f5 27. b4 Qf7 28. Ne2 g5 29. f3 exf3 30. Rxf3 Re4 31. Qd3 Rf8 32. Rdf1 Qe6 33. Nd4 Qe5 34. Nxf5 Bc8 35. Nd6 Rg8 36. Nxe4 dxe4 37. Rf7+ Kg6 38. Qd6+ Qxd6 39. cxd6 1-0

[Event "ECF Schools-ch"]
[Site "Nottingham"]
[Date "2024.06.27"]
[Round "2.2"]
[White "McGuigan Lazo, Leon"]
[Black "Agrawal, Ansh"]
[Result "1-0"]
[WhiteElo "1712"]
[BlackElo "1589"]
[PlyCount "155"]
[EventDate "2024.06.27"]
[EventType "team-swiss"]
[EventRounds "5"]
[EventCountry "ENG"]
[SourceTitle "EXT 2025"]
[Source "ChessBase"]
[SourceDate "2024.10.14"]
[SourceVersion "1"]
[SourceVersionDate "2024.10.14"]
[SourceQuality "1"]
[WhiteTeam "Bolton School"]
[BlackTeam "King Edward School"]
[WhiteTeamCountry "ENG"]
[BlackTeamCountry "ENG"]

1. d4 d5 2. c4 c6 3. Nc3 Nf6 4. Nf3 Bf5 5. Bf4 dxc4 6. e3 b5 7. a4 Qb6 8. Nd2 Nd5 9. Bxb8 Rxb8 10. e4 Nxc3 11. bxc3 Bd7 12. a5 Qc7 13. g3 a6 14. Bg2 e6 15. 0-0 c5 16. d5 exd5 17. exd5 Be7 18. Re1 Bf5 19. Nxc4 bxc4 20. d6 Qc8 21. Rxe7+ Kf8 22. Bd5 Bg6 23. Qf3 f6 24. Rae1 Qd8 25. d7 Qxe7 26. Rxe7 Kxe7 27. Bc6 Rhd8 28. Qe3+ Kf8 29. Qxc5+ Kg8 30. Qxc4+ Bf7 31. Qd3 Be6 32. Bd5 Kf7 33. Qe4 Bxd5 34. Qxd5+ Ke7 35. Qe4+ Kxd7 36. Qd3+ Ke7 37. Qxa6 Ra8 38. Qb7+ Ke6 39. Qc7 Rdc8 40. Qxg7 h5 41. Qb7 Rab8 42. Qa6+ Kf7 43. Qa7+ Kg6 44. Qe3 Re8 45. Qd3+ Kg5 46. h4+ Kh6 47. Qf5 Rf8 48. a6 Ra8 49. Qd3 Kg7 50. Qd7+ Rf7 51. Qb5 Rfa7 52. Qe2 Kg6 53. Qe4+ Kg7 54. Qf5 Rxa6 55. Qxh5 Rc6 56. Qg4+ Kh8 57. Qf5 Ra3 58. Qh5+ Kg7 59. Qg4+ Kh8 60. Qh5+ Kg7 61. Qg4+ Kh8 62. Qd4 Raxc3 63. Kg2 Kg7 64. Kh3 Kg6 65. f4 R6c4 66. Qf2 Rc1 67. Qe2 f5 68. Qe6+ Kg7 69. h5 Rh1+ 70. Kg2 Rcc1 71. Qxf5 Rcg1+ 72. Kf3 Rf1+ 73. Kg4 Ra1 74. Kg5 Rhe1 75. h6+ Kg8 76. Qf6 Ra7 77. Kg6 Rea1 78. Qd8# 1-0